[Event "LSS SA-2021-0-00752"]
[Site "LSS email"]
[Date "2021.03.03"]
[Round "?"]
[White "Buczinski, Henryk"]
[Black "Popov, Vlad"]
[Result "1/2-1/2"]
[WhiteElo "2095"]
[BlackElo "2160"]
[PlyCount "115"]
[EventDate "2021.01.24"]
[EventType "tourn (corr)"]
[EventRounds "6"]
[EventCountry "GER"]
[SourceTitle "Corr 2024"]
[Source "ChessBase"]
[SourceDate "2023.10.19"]
[SourceVersion "1"]
[SourceVersionDate "2023.10.19"]
[SourceQuality "1"]

1. b4 d5 2. Nf3 Nf6 3. a3 Bg4 4. e3 e5 5. Bb2 Nbd7 6. h3 Bxf3 7. Qxf3 Bd6 8. c4 e4 9. Qd1 dxc4 10. Bxc4 0-0 11. Nc3 c6 12. Be2 Qe7 13. d3 a5 14. b5 Nc5 15. d4 Ne6 16. d5 Nxd5 17. Nxd5 cxd5 18. Qxd5 Nc5 19. Qd4 f5 20. Rd1 Rad8 21. Qc4+ Kh8 22. 0-0 Rc8 23. Ba1 b6 24. Qd5 Rcd8 25. Qc6 f4 26. Bc4 a4 27. Rd5 Nb3 28. Bc3 Bxa3 29. Re5 Qf6 30. Rh5 Qxc6 31. bxc6 Nd2 32. c7 Nxc4 33. cxd8Q Rxd8 34. Bd4 Kg8 35. Ra1 Rb8 36. Rb5 fxe3 37. fxe3 Kf7 38. h4 Ra8 39. Bxb6 Bb2 40. Rf1+ Bf6 41. Bd4 a3 42. Rb4 Nd2 43. Ra1 Bxd4 44. Rxd4 Nb3 45. Rf1+ Kg8 46. Rb4 a2 47. Rxb3 a1Q 48. Rxa1 Rxa1+ 49. Kh2 Re1 50. h5 Re2 51. Kh3 Kf7 52. g3 g6 53. hxg6+ hxg6 54. Kg4 Kf6 55. Rb6+ Ke5 56. Rb5+ Kf6 57. Kf4 Rf2+ 58. Kxe4 1/2-1/2

[Event "LSS SA-2021-0-00749"]
[Site "LSS email"]
[Date "2021.01.30"]
[Round "?"]
[White "Buczinski, Henryk"]
[Black "Avellan, Gerardo"]
[Result "1-0"]
[WhiteElo "2076"]
[BlackElo "2035"]
[PlyCount "83"]
[EventDate "2020.12.31"]
[EventType "tourn (corr)"]
[EventRounds "6"]
[EventCountry "GER"]
[SourceTitle "Corr 2024"]
[Source "ChessBase"]
[SourceDate "2023.10.19"]
[SourceVersion "1"]
[SourceVersionDate "2023.10.19"]
[SourceQuality "1"]

1. b3 d5 2. Bb2 Nf6 3. e3 Bf5 4. Nf3 e6 5. c4 Be7 6. d4 c6 7. Nc3 0-0 8. Bd3 Nbd7 9. 0-0 a6 10. Qc2 Bxd3 11. Qxd3 b5 12. c5 Qb8 13. Ne2 Bd8 14. Nd2 Ng4 15. g3 Ba5 16. Qc2 Ngf6 17. Nf4 Qb7 18. a3 Rfe8 19. Nd3 Ne4 20. Nxe4 dxe4 21. Ne5 f5 22. Nxd7 Qxd7 23. b4 Bd8 24. h4 h6 25. a4 Bf6 26. Ra3 Rac8 27. axb5 axb5 28. Rfa1 Qc7 29. d5 exd5 30. Bxf6 gxf6 31. Ra7 Qb8 32. Qd1 Rc7 33. Qh5 Rg7 34. Rxg7+ Kxg7 35. Ra6 Re7 36. Rxc6 Qe8 37. Qxe8 Rxe8 38. Rb6 Ra8 39. Rb7+ Kg6 40. Rxb5 Ra1+ 41. Kg2 Rc1 42. Rb6 1-0

[Event "LSS SA-2021-0-00749"]
[Site "LSS email"]
[Date "2021.01.29"]
[Round "?"]
[White "Csernus, Robert"]
[Black "Buczinski, Henryk"]
[Result "0-1"]
[WhiteElo "1978"]
[BlackElo "2076"]
[PlyCount "148"]
[EventDate "2020.12.31"]
[EventType "tourn (corr)"]
[EventRounds "6"]
[EventCountry "GER"]
[SourceTitle "Corr 2024"]
[Source "ChessBase"]
[SourceDate "2023.10.19"]
[SourceVersion "1"]
[SourceVersionDate "2023.10.19"]
[SourceQuality "1"]

1. d4 b6 2. e4 Bb7 3. Bd3 Nf6 4. Qe2 e6 5. Nf3 d5 6. e5 Nfd7 7. 0-0 c5 8. c3 Nc6 9. a3 Be7 10. b4 c4 11. Bc2 b5 12. a4 bxa4 13. Bxa4 a5 14. b5 Na7 15. h4 h6 16. Qb2 Nb6 17. Bc2 Nd7 18. Na3 Rb8 19. Qa2 Bxa3 20. Bxa3 Nxb5 21. Ba4 Nxc3 22. Qc2 Nxa4 23. Qxa4 Rc8 24. Bd6 Bc6 25. Qa3 a4 26. h5 Ra8 27. Rfb1 g6 28. g3 gxh5 29. Kg2 Ra6 30. Rh1 Nb8 31. Rxh5 Kd7 32. Bc5 Kc8 33. Rhh1 Kb7 34. Rhb1+ Ka8 35. Ne1 Nd7 36. Be7 Qa5 37. Nc2 Ra7 38. Bb4 Qc7 39. Bd6 Qa5 40. Qf3 Rc8 41. Nb4 Bb5 42. Ra3 h5 43. Na2 Bc6 44. Nc3 h4 45. g4 Rb7 46. Rxb7 Kxb7 47. Ra1 h3+ 48. Kh2 Ka8 49. Ra3 Rg8 50. Qxf7 Rxg4 51. Qxe6 Rg2+ 52. Kxh3 Rg7 53. Qh6 Rg8 54. e6 Qa7 55. Ne2 Nb8 56. Re3 Qb7 57. Kh2 Qc8 58. Qf6 Na6 59. Nc3 a3 60. Rh3 Nb4 61. Na2 Nd3 62. Rh6 Kb7 63. Nc3 Ka6 64. e7 Ka5 65. Qf8 a2 66. Nxa2 Ka4 67. Qxc8 Rxc8 68. Bg3 Be8 69. Nc3+ Kb3 70. Nxd5 c3 71. Rb6+ Ka4 72. Nxc3+ Rxc3 73. Rb8 Bg6 74. d5 Nb4 0-1

[Event "ZH-2020-0-01871"]
[Site "LSS email"]
[Date "2020.12.08"]
[Round "?"]
[White "Sorcinelli, Andrea"]
[Black "Buczinski, Henryk"]
[Result "1/2-1/2"]
[WhiteElo "2315"]
[BlackElo "2080"]
[PlyCount "55"]
[EventDate "2020.11.07"]
[EventType "match (corr)"]
[EventRounds "2"]
[EventCountry "GER"]
[SourceTitle "Corr 2022"]
[Source "ChessBase"]
[SourceDate "2021.10.24"]
[SourceVersion "1"]
[SourceVersionDate "2021.10.24"]
[SourceQuality "1"]

1. e4 c5 2. Nc3 d6 3. d4 cxd4 4. Qxd4 Nc6 5. Qd2 g6 6. b3 Bh6 7. f4 Nf6 8. Bb2 e5 9. g3 0-0 10. 0-0-0 Re8 11. Bg2 exf4 12. Nge2 Bg4 13. Kb1 f3 14. Qxh6 fxg2 15. Rhg1 Bf3 16. Qf4 Bxe2 17. Nxe2 Nxe4 18. Rxg2 Qa5 19. Qh6 f6 20. Nf4 Rac8 21. a3 Ne7 22. Re2 Qf5 23. Bxf6 Nxf6 24. Ne6 Nh5 25. Ng5 Nf6 26. Ne6 Nh5 27. Ng5 Nf6 28. Ne6 1/2-1/2

[Event "LSS SA-2020-0-00742"]
[Site "LSS email"]
[Date "2020.12.04"]
[Round "?"]
[White "Buczinski, Henryk"]
[Black "Brotherton, Trevor"]
[Result "0-1"]
[WhiteElo "2080"]
[BlackElo "2069"]
[PlyCount "145"]
[EventDate "2020.10.17"]
[EventType "tourn (corr)"]
[EventRounds "6"]
[EventCountry "GER"]
[SourceTitle "Corr 2024"]
[Source "ChessBase"]
[SourceDate "2023.10.19"]
[SourceVersion "1"]
[SourceVersionDate "2023.10.19"]
[SourceQuality "1"]

1. b3 e5 2. Bb2 Nc6 3. c4 Nge7 4. Nf3 d5 5. cxd5 Nxd5 6. e4 Ndb4 7. d3 Bg4 8. a3 Na6 9. Nbd2 Nc5 10. Qc2 Bxf3 11. Nxf3 Ne6 12. Nxe5 Ncd4 13. Qd1 g6 14. Nc4 Bg7 15. g3 b5 16. Nd2 0-0 17. Ra2 Nc5 18. Qb1 Re8 19. Bg2 Rb8 20. Bxd4 Qxd4 21. 0-0 Rbd8 22. e5 Qxe5 23. Bc6 Re7 24. Bxb5 Ne6 25. Bc4 Nd4 26. Ne4 Kh8 27. f4 Qa5 28. Kh1 Nf5 29. Re2 Qb6 30. Ref2 Bd4 31. Rf3 h5 32. Qc2 Kg7 33. a4 a6 34. Qg2 f6 35. Qd2 Qc6 36. Qe2 Nd6 37. f5 Nxc4 38. bxc4 g5 39. Rb1 Qxa4 40. Rff1 Qe8 41. Qf3 Kh6 42. Qe2 a5 43. Qd2 Kh7 44. Rb5 c6 45. Rxa5 Rxe4 46. dxe4 Bb6 47. Qe1 Bxa5 48. Qxa5 Qxe4+ 49. Kg1 Qd4+ 50. Kg2 Rd7 51. Qe1 Qxc4 52. Rf2 Qd5+ 53. Kg1 Qd1 54. Qxd1 Rxd1+ 55. Kg2 Rd5 56. h3 c5 57. Rf3 Kg8 58. g4 Rd2+ 59. Kf1 hxg4 60. hxg4 Kf8 61. Rc3 Rd4 62. Rg3 Re4 63. Rg1 Rf4+ 64. Ke1 Ke7 65. Kd2 Kd6 66. Ke2 Rd4 67. Rg2 Ke5 68. Ke3 Rf4 69. Rg1 Rc4 70. Kd3 Rb4 71. Re1+ Kf4 72. Re6 Kxg4 73. Rxf6 0-1

[Event "LSS SA-2020-0-00742"]
[Site "LSS email"]
[Date "2020.12.04"]
[Round "?"]
[White "Reppert, Victor"]
[Black "Buczinski, Henryk"]
[Result "1/2-1/2"]
[WhiteElo "2024"]
[BlackElo "2080"]
[PlyCount "86"]
[EventDate "2020.10.17"]
[EventType "tourn (corr)"]
[EventRounds "6"]
[EventCountry "GER"]
[SourceTitle "Corr 2024"]
[Source "ChessBase"]
[SourceDate "2023.10.19"]
[SourceVersion "1"]
[SourceVersionDate "2023.10.19"]
[SourceQuality "1"]

1. e4 e6 2. d4 d5 3. Nc3 Nf6 4. Bg5 dxe4 5. Nxe4 Nbd7 6. Nf3 h6 7. Nxf6+ Nxf6 8. Be3 a6 9. Bd3 Bd6 10. Qe2 b5 11. Ne5 Qe7 12. f4 Bb7 13. Bd2 0-0 14. 0-0-0 c5 15. dxc5 Bxe5 16. Qxe5 Rfd8 17. Rhe1 Rd5 18. Qe2 Qxc5 19. Kb1 Rc8 20. g4 Nd7 21. c3 Nf8 22. Ka1 Rcd8 23. Bc2 Qc7 24. Be3 Rxd1+ 25. Bxd1 Bd5 26. Bc2 Re8 27. Bb1 e5 28. Bd4 e4 29. Qf2 Ng6 30. f5 Ne5 31. Bxe4 Nxg4 32. Qg1 Qe7 33. Qxg4 Qg5 34. Qxg5 hxg5 35. f6 Rxe4 36. Rxe4 Bxe4 37. fxg7 f5 38. b3 f4 39. c4 bxc4 40. bxc4 Bd3 41. c5 Bb5 42. Kb2 a5 43. Kc3 f3 1/2-1/2

[Event "ZH-2020-0-01869"]
[Site "LSS email"]
[Date "2020.11.30"]
[Round "?"]
[White "Buczinski, Henryk"]
[Black "Ottolini, Graziano"]
[Result "1/2-1/2"]
[WhiteElo "2086"]
[BlackElo "2173"]
[PlyCount "80"]
[EventDate "2020.10.28"]
[EventType "match (corr)"]
[EventRounds "2"]
[EventCountry "GER"]
[SourceTitle "Corr 2022"]
[Source "ChessBase"]
[SourceDate "2021.10.24"]
[SourceVersion "1"]
[SourceVersionDate "2021.10.24"]
[SourceQuality "1"]

1. Nf3 d6 2. d4 Bg4 3. Nc3 e6 4. e4 Nf6 5. h3 Bh5 6. Qe2 Bxf3 7. Qxf3 d5 8. Bg5 Bb4 9. Bxf6 Qxf6 10. Qxf6 gxf6 11. exd5 exd5 12. h4 0-0 13. Bd3 Bxc3+ 14. bxc3 Nd7 15. Kd2 Nb6 16. Rh3 Nc8 17. Rg3+ Kh8 18. Rf3 Kg7 19. Rh1 Nd6 20. Rhh3 Rg8 21. Rhg3+ Kh8 22. Rxf6 Rxg3 23. fxg3 Rg8 24. Rf3 Rg4 25. Bf5 Nxf5 26. Rxf5 Rxg3 27. Rxd5 Rxg2+ 28. Kc1 f6 29. c4 Rg4 30. c3 Rxh4 31. Rd8+ Kg7 32. Rd7+ Kg6 33. Rxc7 Rh1+ 34. Kc2 b6 35. Rxa7 h5 36. Ra8 h4 37. c5 bxc5 38. dxc5 Re1 39. Rh8 Re5 40. c6 Rc5 1/2-1/2

[Event "LSS SA-2020-0-00738"]
[Site "LSS email"]
[Date "2020.10.11"]
[Round "?"]
[White "Buczinski, Henryk"]
[Black "Boni, Roberto"]
[Result "1/2-1/2"]
[WhiteElo "2061"]
[BlackElo "2176"]
[PlyCount "53"]
[EventDate "2020.09.17"]
[EventType "tourn (corr)"]
[EventRounds "6"]
[EventCountry "GER"]
[SourceTitle "Corr 2024"]
[Source "ChessBase"]
[SourceDate "2023.10.19"]
[SourceVersion "1"]
[SourceVersionDate "2023.10.19"]
[SourceQuality "1"]

1. b3 e5 2. c4 Nc6 3. Bb2 Nge7 4. e3 d5 5. cxd5 Nxd5 6. a3 Bd6 7. d3 0-0 8. Nf3 f5 9. Nbd2 Qe7 10. Qc2 Kh8 11. g3 e4 12. dxe4 fxe4 13. Qxe4 Qxe4 14. Nxe4 Nxe3 15. fxe3 Rxf3 16. Nxd6 cxd6 17. 0-0-0 Na5 18. Rxd6 Bf5 19. Kd1 Rxe3 20. b4 Nb3 21. h3 Be4 22. Rh2 Rf8 23. Bc4 h5 24. g4 Bf3+ 25. Kc2 Be4+ 26. Kd1 Bf3+ 27. Kc2 1/2-1/2

[Event "LSS SA-2020-0-00738"]
[Site "LSS email"]
[Date "2020.10.11"]
[Round "?"]
[White "Sundqvist, Christer"]
[Black "Buczinski, Henryk"]
[Result "1/2-1/2"]
[WhiteElo "2180"]
[BlackElo "2061"]
[PlyCount "64"]
[EventDate "2020.09.17"]
[EventType "tourn (corr)"]
[EventRounds "6"]
[EventCountry "GER"]
[SourceTitle "Corr 2024"]
[Source "ChessBase"]
[SourceDate "2023.10.19"]
[SourceVersion "1"]
[SourceVersionDate "2023.10.19"]
[SourceQuality "1"]

1. d4 Nf6 2. c4 e6 3. Nf3 d5 4. Nc3 dxc4 5. e4 Bb4 6. Bg5 h6 7. Bxf6 Qxf6 8. Bxc4 c5 9. 0-0 cxd4 10. Nb5 Qe7 11. Qxd4 0-0 12. Nxa7 Bc5 13. Nxc8 Rxc8 14. Qd3 Rd8 15. Qe2 Nc6 16. Rac1 Nd4 17. Nxd4 Rxd4 18. Rfd1 Qg5 19. Rxd4 Qxc1+ 20. Rd1 Qg5 21. g3 Rd8 22. Rxd8+ Qxd8 23. Kg2 Qd4 24. a3 g5 25. Qc2 Qf6 26. Qe2 Qe5 27. Qc2 Bd4 28. b3 Qf6 29. Qe2 b6 30. f4 gxf4 31. Qg4+ Qg5 32. Qxf4 Qxf4 1/2-1/2

[Event "ZI-2019-0-02626"]
[Site "LSS email"]
[Date "2019.11.17"]
[Round "?"]
[White "Buczinski, Henryk"]
[Black "Shchebenyuk, Nina"]
[Result "1-0"]
[WhiteElo "1977"]
[BlackElo "1808"]
[PlyCount "127"]
[EventDate "2019.10.24"]
[EventType "match (corr)"]
[EventRounds "2"]
[EventCountry "GER"]
[SourceTitle "Corr 2022"]
[Source "ChessBase"]
[SourceDate "2021.10.24"]
[SourceVersion "1"]
[SourceVersionDate "2021.10.24"]
[SourceQuality "1"]

1. b4 e5 2. Bb2 Bxb4 3. Bxe5 Nf6 4. Nf3 0-0 5. c4 d5 6. e3 Re8 7. cxd5 Nxd5 8. Bb2 Nf4 9. a3 Bd6 10. Qc2 Bg4 11. Nc3 Nc6 12. Ne2 Ng6 13. Ng3 Bxf3 14. gxf3 Be5 15. Be2 Bxb2 16. Qxb2 Qd5 17. Qb5 Qxb5 18. Bxb5 Nge7 19. Rb1 Rab8 20. Ke2 a6 21. Bc4 b5 22. Ba2 b4 23. axb4 Nxb4 24. Bb3 Rb6 25. Rhc1 Reb8 26. Ne4 Nbc6 27. Nc5 Rd8 28. Ra1 Ra8 29. Kf1 g6 30. Bd1 Kg7 31. f4 Nb4 32. Ra5 Nec6 33. Ra4 Ne7 34. Bf3 Ra7 35. Nd7 Rb5 36. Be2 Rd5 37. Ne5 a5 38. d4 f6 39. Nc4 h6 40. Rca1 Nbc6 41. Na3 Rd7 42. Bf3 Ra6 43. Rc1 g5 44. fxg5 hxg5 45. Rac4 Nd8 46. Rxc7 Rxc7 47. Rxc7 Kf8 48. Bd1 Nf7 49. Ba4 Nd6 50. Nc4 Nxc4 51. Rxc4 Ra8 52. Rc5 Nc8 53. Rc6 Ke7 54. Rc7+ Kf8 55. Ke2 Rb8 56. Kf3 Ra8 57. Bc6 Rb8 58. Bd7 Nd6 59. Ra7 Rb7 60. Ra8+ Ke7 61. Bc6 Rb6 62. Ra7+ Kf8 63. Bd5 Rb5 64. Be6 1-0